Spell the Marvel Character #104 - Statistics

General Stats
  • This quiz has been taken 29 times
  • The average score is 4 of 5
Answer Stats
Picture Answer % Correct
Thing
100%
Human Torch
93%
Rogue
87%
Thor
87%
Outlaw
67%
No matching quizzes found
Score Distribution
Percent of People with Each Score
Percentile by Number Answered
Your Score History
You have not taken this quiz